000
00250nam a2200109Ia 4500
008
190216s9999||||xx |||||||||||||| ||und||
100
_a
Jawahar Singh
245
0
_a
Hindi-Jali Hai Rassi
260
_b
Saradi Pub
650
_a
Hindi
942
_c
BK
999
_c
15564
_d
15564